Sklená dedina /

Guardado en:
Detalles Bibliográficos
Autor principal: QUEEN, Ellery (Autor)
Otros Autores: SLOBODNÍK, Dušan (Traductor)
Formato: Libro
Lenguaje:eslovaco
Publicado: Bratislava Mladé letá 1973
Edición:2. vydanie
Colección:STOPY
Etiquetas: Agregar Etiqueta
Sin Etiquetas, Sea el primero en etiquetar este registro!

MARC

LEADER 00000nam a22000003a 4500
001 0101471
003 SK-STU
005 20230424083157.9
007 ta
008 230424s ----xo-----e------000-0-----d
040 |a STU  |b slo 
041 0 |a slo 
044 |a xo 
100 1 |a QUEEN, Ellery  |4 aut 
245 1 0 |a Sklená dedina /  |c aut. Ellery QUEEN ; prekl. Dušan SLOBODNÍK 
250 |a 2. vydanie 
260 |a Bratislava  |b Mladé letá  |c 1973 
300 |a 230 s. 
490 0 |a STOPY 
700 1 |a SLOBODNÍK, Dušan  |4 trl 
996 |c I* 4SOA13873  |l I  |s A  |a 24  |w 0101471_0001